MARC details
| 000 -CABECERA |
| campo de control de longitud fija |
02117nam a2200337 a 4500 |
| 001 - NÚMERO DE CONTROL |
| campo de control |
000000461 |
| 005 - FECHA Y HORA DE LA ÚLTIMA TRANSACCIÓN |
| campo de control |
20210628225111.0 |
| 008 - DATOS DE LONGITUD FIJA--INFORMACIÓN GENERAL |
| campo de control de longitud fija |
081204s2005 dr a 000 0 spa |
| 020 ## - NÚMERO INTERNACIONAL ESTÁNDAR DEL LIBRO |
| Número Internacional Estándar del Libro |
9993462195 |
| 040 ## - FUENTE DE LA CATALOGACIÓN |
| Centro catalogador/agencia de origen |
DO-SdBNP |
| Lengua de catalogación |
spa |
| Centro/agencia transcriptor |
BNPHU |
| 082 ## - NÚMERO DE LA CLASIFICACIÓN DECIMAL DEWEY |
| Número de clasificación |
338.97293 |
| Número de documento/Ítem |
P387p |
| 100 1# - ENTRADA PRINCIPAL--NOMBRE DE PERSONA |
| Nombre de persona |
Pellerano Morilla, Fernando, |
| Numeración |
1950- |
| 9 (RLIN) |
1530 |
| 245 10 - MENCIÓN DE TÍTULO |
| Título |
Política económica : |
| Resto del título |
alternativas al neoliberalismo / |
| Mención de responsabilidad, etc. |
Fernando Pellerano Morilla. |
| 260 ## - PUBLICACIÓN, DISTRIBUCIÓN, ETC. |
| Lugar de publicación, distribución, etc. |
Santo Domingo : |
| Nombre del editor, distribuidor, etc. |
UASD, |
| Fecha de publicación, distribución, etc. |
2005. |
| 300 ## - DESCRIPCIÓN FÍSICA |
| Extensión |
223 p. : |
| Otras características físicas |
il. ; |
| Dimensiones |
21cm. |
| 490 1# - MENCIÓN DE SERIE |
| Mención de serie |
Publicaciones de la Universidad Autónoma de Santo Domingo ; |
| Designación de volumen o secuencia |
1252 |
| 490 1# - MENCIÓN DE SERIE |
| Mención de serie |
Economía y sociedad ; |
| Designación de volumen o secuencia |
19 |
| 500 ## - NOTA GENERAL |
| Nota general |
Incluye datos biográficos del autor en la solapa |
| 500 ## - NOTA GENERAL |
| Nota general |
Incluye referencias bibliográficas y notas al pie de las páginas |
| 504 ## - NOTA DE BIBLIOGRAFÍA, ETC. |
| Nota de bibliografía, etc. |
Bibliografía : p. 219-224 |
| 505 0# - NOTA DE CONTENIDO CON FORMATO |
| Nota de contenido con formato |
Mitos y realidades sobre la globalización -- |
| Título |
Ajuste con estancamiento: evaluación crítica del neoliberalismo -- |
| -- |
Teórias sobre la formación de la política económica -- |
| -- |
El futuro de una desilusión -- |
| -- |
¿Qué significa "Primero la Gente" en la política económica? -- |
| -- |
La política económica dominicana 1982-1986: ideología y grupos de intereses -- |
| -- |
Perspectivas del socialismo democrático en República Dominicana -- |
| -- |
Los problemas fiscales estructurales del Estados Dominicano |
| -- |
El problema de la deuda externa dominicana -- |
| -- |
Dolarización financiera en la economía dominicana -- |
| -- |
Una política económica alternativa frente al FMI (documento del Colegio Dominicano de Economistas) -- |
| -- |
El compromiso del economista -- |
| -- |
Biografía general. |
| 590 ## - NOTA LOCAL (RLIN) |
| Nota local |
La biblioteca posee 2 ejemplares autografiado por el autor |
| 590 ## - NOTA LOCAL (RLIN) |
| Nota local |
Inventariado, 2018/BT |
| 650 #4 - PUNTO DE ACCESO ADICIONAL DE MATERIA--TÉRMINO DE MATERIA |
| Término de materia o nombre geográfico como elemento de entrada |
Neoliberalismo |
| 9 (RLIN) |
1531 |
| 651 #4 - PUNTO DE ACCESO ADICIONAL DE MATERIA--NOMBRE GEOGRÁFICO |
| Nombre geográfico |
República Dominicana |
| Subdivisión general |
Política Económica |
| 9 (RLIN) |
643 |
| 651 #4 - PUNTO DE ACCESO ADICIONAL DE MATERIA--NOMBRE GEOGRÁFICO |
| Nombre geográfico |
República Dominicana |
| Subdivisión general |
Condiciones Económicas |
| 9 (RLIN) |
281 |
| 710 ## - PUNTO DE ACCESO ADICIONAL--NOMBRE DE ENTIDAD CORPORATIVA |
| Nombre de entidad corporativa o nombre de jurisdicción como elemento de entrada |
Universidad Autónoma de Santo Domingo |
| 9 (RLIN) |
76692 |
| 830 #0 - PUNTO DE ACCESO ADICIONAL DE SERIE-TÍTULO UNIFORME |
| Título uniforme |
Publicaciones de la Universidad Autónoma de Santo Domingo ; |
| Número de parte o sección de la obra |
1252 |
| 9 (RLIN) |
1533 |
| 830 #0 - PUNTO DE ACCESO ADICIONAL DE SERIE-TÍTULO UNIFORME |
| Título uniforme |
Economía y Sociedad ; |
| Número de parte o sección de la obra |
19 |
| 9 (RLIN) |
1534 |
| 910 ## - DATOS DE OPCIÓN DEL USUARIO (OCLC) |
| Datos de opción del usuario |
Validado. Control de calidad. MFF |